000
00394nam a2200133Ia 4500
008
151001s9999||||xx |||||||||||||| ||und||
100
_a
एन ए आझाद
245
_a
बौध्दीक एवं तर्कशक्ति परीक्षण
250
_a
1
260
_b
रमेश पब्लिशिंग
260
_c
2003
300
_a
297
365
_b
21
999
_c
988001
_d
987998